Encyklopedie komiksového filmu /

Hlavní autor: Rybář, Václav
Další autoři: Svoboda, Matěj, Cífka, Petr, 1983-, Ryška, Karel
Jazyk: Čeština
Vydáno: V Praze : XYZ, 2020
Vydání: Vydání první
Témata:
Fyzický popis: 313 stran : barevné ilustrace, portréty ; 27 cm
Knihy
Uloženo v:
LEADER 02281nam a2200613 i 4500
001 nkc20203266948
003 CZ PrNK
005 20210226091231.0
007 ta
008 201130s2020 xr ac e e 000 0dcze
015 |a cnb003266948 
020 |a 978-80-7597-789-2  |q (vázáno) :  |c Kč 499,00 
035 |a (OCoLC)1240907805 
040 |a BOA001  |b cze  |e rda 
045 |a x-y- 
072 7 |a 791  |x Film. Cirkus. Lidová zábava  |2 Konspekt  |9 3 
080 |a 791.2:741.52  |2 MRF 
080 |a 791.635-051  |2 MRF 
080 |a 791.63-051  |2 MRF 
080 |a 791-5  |2 MRF 
080 |a 791.22/.23  |2 MRF 
080 |a (031)  |2 MRF 
100 1 |a Rybář, Václav  |7 xx0242847  |4 aut 
245 1 0 |a Encyklopedie komiksového filmu /  |c Václav Rybář, Matěj Svoboda, Petr Cífka a Karel Ryška 
250 |a Vydání první 
264 1 |a V Praze :  |b XYZ,  |c 2020 
300 |a 313 stran :  |b barevné ilustrace, portréty ;  |c 27 cm 
336 |a text  |b txt  |2 rdacontent 
336 |a statický obraz  |b sti  |2 rdacontent 
337 |a bez média  |b n  |2 rdamedia 
338 |a svazek  |b nc  |2 rdacarrier 
648 7 |a 20.-21. století  |7 ch462155  |2 czenas 
650 0 7 |a komiksové filmy  |7 ph1101712  |y 20.-21. století  |2 czenas 
650 0 7 |a filmoví herci  |7 ph114538  |y 20.-21. století  |2 czenas 
650 0 7 |a filmoví umělci  |7 ph120212  |y 20.-21. století  |2 czenas 
650 0 7 |a filmové postavy  |7 ph203862  |2 czenas 
650 0 7 |a filmové náměty  |7 ph203867  |2 czenas 
650 0 9 |a comics films  |y 20th-21st centuries  |2 eczenas 
650 0 9 |a film actors  |y 20th-21st centuries  |2 eczenas 
650 0 9 |a film artists  |y 20th-21st centuries  |2 eczenas 
650 0 9 |a film characters  |2 eczenas 
650 0 9 |a film themes  |2 eczenas 
655 7 |a encyklopedie  |7 fd132201  |2 czenas 
655 9 |a encyclopedias  |2 eczenas 
700 1 |a Svoboda, Matěj  |7 xx0242849  |4 aut 
700 1 |a Cífka, Petr,  |d 1983-  |7 ola2018995261  |4 aut 
700 1 |a Ryška, Karel  |7 pna20201096494  |4 aut 
910 2 |a BOA001  |b 3-1457.485 
928 9 |a Albatros Media - XYZ 
990 |a BK 
995 |a 01 
991 |b 202101  |c NOV 
996 6 |b 2610844337  |c 3-1457.485  |l MZK  |r Sklad / do 1 hodiny  |n 2  |p p.v.  |w 001836476  |u 000010  |a 1  |e BOA001  |j MZK50  |s P 
996 7 |b 2610848604  |c 3-1457.485  |l MZK  |r Sklad / do 1 hodiny  |n 3  |p kup  |w 001836476  |u 000020  |a 1  |e BOA001  |j MZK50  |s A